LEADER 01065nam0-2200373---450 001 990010062120403321 005 20180219121903.0 010 $a978-88-13-35299-8 035 $a001006212 035 $aFED01001006212 035 $a(Aleph)001006212FED01 035 $a001006212 100 $a20160412d2016----km-y0itay50------ba 101 0 $aita 102 $aIT 105 $ay-------001yy 200 1 $aCommentario breve alla riforma "Jobs Act"$fa cura di G.Zilio Grandi e M. Biasi 210 $aAssago$cWolters Kluver$aPadova$cCEDAM$d2016 215 $a818 p.$d24 cm 610 0 $aContratti di lavoro$aLegislazione 676 $a344.4501891$v22$zita 702 1$aGrandi,$bGaetano Zilio 702 1$aBiasi,$bMarco 801 0$aIT$bUNINA$gREICAT$2UNIMARC 901 $aBK 912 $a990010062120403321 952 $aX C 92$b860/2016$fFSPBC 952 $aA-II-276$fDDRC 952 $aVII Z 162$b2017/312$fFGBC 959 $aFSPBC 959 $aDDRC 959 $aFGBC 996 $aCommentario breve alla riforma Jobs act$91400127 997 $aUNINA LEADER 03053nam0 22006253i 450 001 CFI0176987 005 20251003044129.0 010 $a8842036390 100 $a19920510d1990 ||||0itac50 ba 101 | $aita 102 $ait 181 1$6z01$ai $bxxxe 182 1$6z01$an 183 1$6z01$anc$2RDAcarrier 200 1 $aˆLa ‰questione meridionale ne "Il mondo" di Mario Pannunzio$fa cura di Francesco Erbani 210 $aRoma [ecc.]$cG. Laterza$d1990 215 $aXXXV, 323 p.$d21 cm 225 | $aCollezione di studi meridionali 410 0$1001CFI0016377$12001 $aCollezione di studi meridionali 500 11$aˆIl ‰Mondo <1949-1966>.$3MIL0301477$9485819 606 $aQuestione meridionale$xAntologie$2FIR$3SBLC019753$9I 606 $aPannunzio, Mario$2FIR$3SBLC042960$9E 606 $aIl *mondo $2FIR$3BVEC045827$9I 606 $aQuestione meridionale$xGiudizi de Il mondo$2FIR$3BVEC045828$9I 676 $a070.4499457092$9GIORNALISMO. SPECIFICI SOGETTI. STORIA. ITALIA MERIDIONALE. 1946-$v21 676 $a945.7$9PENISOLA ITALIANA E ISOLE ADIACENTI. ITALIA MERIDIONALE.$v14 676 $a945.7$9STORIA. ITALIA MERIDIONALE$v23 676 $a945.709$9STORIA. ITALIA MERIDIONALE. 1900-$v23 676 $a945.7092$9STORIA DELL'ITALIA MERIDIONALE. 1946-$v12 676 $a945.7092$9STORIA. ITALIA MERIDIONALE. 1946-$v21 696 $aQuestione del Mezzogiorno$aPassi scelti$aFlorilegi$aExcerpta$aBrani scelti 696 $aQuestione del Mezzogiorno 699 $aQuestione meridionale$yQuestione del Mezzogiorno 699 $aAntologie$yPassi scelti 699 $aAntologie$yFlorilegi 699 $aAntologie$yExcerpta 699 $aAntologie$zBrani scelti 699 $aQuestione meridionale$yQuestione del Mezzogiorno 702 1$aErbani$b, Francesco$3CFIV090170 801 3$aIT$bIT-000000$c19920510 850 $aIT-BN0095 $aIT-SA0060 $aIT-SA0238 $aIT-SA0200 $aIT-AV0011 $aIT-NA0079 $aIT-NA0070 $aIT-NA0120 $aIT-NA0230 $aIT-AV0045 $aIT-NA0097 901 $bNAP AH$cSALASTUDIO$nEx sala studio, ora secondo piano 901 $bNAP MV$cF $nDEPOSITO LIBRARIO SCIENZE SOCIALI SALA F 901 $bNAP BN$cSEZ.NAP. $n$ 901 $bNAP 63$cMOD $n$ 901 $bNAP SP$cNF. $nNUOVO FONDO 901 $bNAP 01$cPOZZO LIB.$nVi sono collocati fondi di economia, periodici di ingegneria e scienze, periodici di economia e statistica e altri fondi comprendenti documenti di economia pervenuti in dono. 901 $bNAP 27$cSALA $n$ 901 $bNAP 55$cFB.ST.EU.I$n$ 901 $bNAP CR$cISNARDI $n$ 912 $aCFI0176987 950 0$aBiblioteca Centralizzata di Ateneo$c1 v.$d 01POZZO LIB.F. ASSANTE 382$e 0101 0060015135E VMA 1 v. (Precedente collocazione A 382)$fB $h20220922$i20220922 977 $a 01$a 27$a 55$a 63$a AH$a BN$a BU$a CR$a IR$a MV$a SP 996 $aMondo$9485819 997 $aUNISANNIO